Marketing : a complete guide /

Bibliografiske detaljer
Hovedforfatter: McDonald, Malcolm
Andre forfattere: Christopher, Martin
Format: Bog
Sprog:English
Udgivet: New York : Palgrave Macmillan, 2003.
Fag:
Classic Catalogue: View this record in Classic Catalogue
LEADER 01817nam a2200289 a 4500
001 0017986
003 BD-DhAAL
008 100407s2003 nyua b 001 0 eng d
010 |a  2003051511 
020 |a 0333994361 (cloth) 
020 |a 033399437X (pbk.) 
040 |a DLC  |c DLC  |d DLC  |d BD-DhAAL 
082 0 0 |a 658.8  |2 21 
100 1 |a McDonald, Malcolm. 
245 1 0 |a Marketing :  |b a complete guide /  |c Malcolm McDonald & Martin Christopher ; with Magrit Bass and contributions from Susan Baker & Simon Knox. 
260 |a New York :  |b Palgrave Macmillan,  |c 2003. 
300 |a xxv, 556 p. :  |b ill. ;  |c 24 cm 
504 |a Includes bibliographical references and index. 
526 |a EEE  |x Md Sayeed Salam Department of Electrical and Electronic Engineering BRAC University Course Name : Telecommunications Business Environment (EEE 522) 
541 1 |e 0017986, 0017987  |a D. S. Books International 
650 0 |a Marketing. 
700 1 |a Christopher, Martin. 
852 4 |a Ayesha Abed Library   |c General Stacks 
942 0 0 |0 1  |2 ddc  |c BK 
999 |c 8005  |d 8005 
952 |0 0  |1 0  |2 ddc  |4 0  |6 658_800000000000000_MCD_2003  |7 0  |9 9060  |a BRACUL  |b BRACUL  |c GEN  |d 2010-04-07  |e D. S. Books International  |l 4  |m 22  |o 658.8 MCD  |p 3010017987  |r 2021-10-10  |s 2020-01-18  |t 2  |w 2010-04-07  |y BK  |x Requisitioned by Md Sayeed Salam Department of Electrical and Electronic Engineering, BRAC University for the course named- "Telecommunications Business Environment (EEE 522)" ; USD 18.73 
952 |0 0  |1 0  |2 ddc  |4 0  |6 658_800000000000000_MCD_2003  |7 0  |9 9061  |a BRACUL  |b BRACUL  |c GEN  |d 2010-04-07  |e D. S. Books International  |l 5  |m 35  |o 658.8 MCD  |p 3010017986  |r 2025-06-23  |s 2025-05-27  |t 1  |w 2010-04-07  |y BK  |x Requisitioned by Md Sayeed Salam Department of Electrical and Electronic Engineering, BRAC University for the course named- "Telecommunications Business Environment (EEE 522)" ; USD 18.73